Österreichische Fußballvereine 25/26 - Statistiken

Allgemein
  • Dieses Quiz wurde 89 mal gespielt
  • Das Durchschnittsergebnis liegt bei 33 aus 77
Antwortstatistiken
Hint Antwort % Korrekt
Bundesliga SK Rapid Wien
100%
Bundesliga SK Sturm Graz
97%
Bundesliga FC Red Bull Salzburg
94%
Bundesliga FK Austria Wien
90%
Bundesliga LASK
90%
Bundesliga Wolfsberger AC
90%
Bundesliga SV Ried
86%
2. Liga Rapid 2
83%
Bundesliga TSV Hartberg
83%
2. Liga Young Violets / Austria Wien 2
83%
Bundesliga FC Blau-Weiß Linz
82%
Bundesliga GAK
82%
Bundesliga SCR Altach
81%
Bundesliga WSG Tirol
78%
2. Liga Austria Klagenfurt
76%
2. Liga Sturm Graz 2
76%
2. Liga FC Admira Wacker Mödling
72%
2. Liga SKN St. Pölten
72%
Regionalliga Mitte LASK Amateure
71%
2. Liga SV Austria Salzburg
67%
Regionalliga West FC Wacker Innsbruck
65%
2. Liga First Vienna
65%
2. Liga Floridsdorfer AC
63%
Regionalliga Mitte SV Ried 2
63%
2. Liga Austria Lustenau
60%
2. Liga Schwarz-Weiß Bregenz
60%
Regionalliga Mitte Wolfsberger AC 2
58%
2. Liga SV Stripfing
57%
Regionalliga West SCR Altach Juniors
56%
2. Liga SKU Amstetten
56%
2. Liga FC Liefering
54%
2. Liga FC Hertha Wels
53%
2. Liga Kapfenberger SV
53%
Regionalliga Ost SV Horn
47%
Regionalliga West FC Dornbirn
44%
Regionalliga Ost Wiener Sport-Club
40%
Regionalliga Mitte SV Lafnitz
36%
Regionalliga Ost SC ESV Parndorf
33%
Regionalliga Mitte ASK Voitsberg
32%
Regionalliga West FC Kufstein
28%
Regionalliga West SC Imst
28%
Regionalliga West FC Lustenau
26%
Regionalliga Ost Kremser SC
26%
Regionalliga Ost SV Oberwart
26%
Regionalliga Ost FCM Traiskirchen
25%
Regionalliga Mitte Union Gurten
25%
Regionalliga Ost SC Neusiedl am See
24%
Regionalliga Ost SC Wiener Viktoria
24%
Regionalliga Ost SR Donaufeld
24%
Regionalliga Ost Favoritner AC
21%
Regionalliga West FC Kitzbühel
21%
Regionalliga Ost FC Marchfeld Donauauen
21%
Regionalliga West SV Kuchl
21%
Regionalliga Ost SV Donau
18%
Regionalliga Ost Union Mauer
18%
Regionalliga Mitte Deutschlandsberger SC
17%
Regionalliga West SC Schwaz
17%
Regionalliga Mitte SC Weiz
17%
Regionalliga West SK Bischofshofen
17%
Regionalliga Ost SV Gloggnitz
17%
Regionalliga West VFB Hohenems
17%
Regionalliga Ost SV Leobendorf
15%
Regionalliga West TSV St. Johann
15%
Regionalliga Mitte ASKÖ Oedt
14%
Regionalliga Mitte ATUS Velden
14%
Regionalliga Mitte FC Gleisdorf 09
14%
Regionalliga Mitte SK Treibach
14%
Regionalliga West SV Seekirchen
14%
Regionalliga Mitte USV St. Anna/Aigen
14%
Regionalliga Ost SC Retz
13%
Regionalliga West SVG Reichenau
13%
Regionalliga West FC Pinzgau Saalfelden
11%
Regionalliga Mitte SC Kalsdorf
11%
Regionalliga West SV Wals-Grünau
11%
Regionalliga West FC Lauterach
8%
Regionalliga Mitte SV Wallern
8%
Regionalliga Mitte Union Dietach
8%
Keine übereinstimmenden Quizze gefunden
Verteilung der Resultate
Anzahl Personen mit jedem Resultat
Perzentil nach korrekt beantworteten Fragen
Ihre Resultats-Entwicklung
Sie haben dieses Quiz noch nicht gespielt